00488nam a2200157Ia 4500082002000000245005100020260004600071300001100117440003600128504001900164650002800183650003800211650004100249700001900290700002100309 a305.409519 CHA; 0aChallenges for women: women's studies in Korea aSeoulbEwha Womans University Pressc1986 a336 p. aKorean Women's Institute Series aIncludes index aWomen - Korea - History aWomen political activists - Korea aWomen - Sociological aspects - Korea aWha, Chung Sei aHyun, Shin Chang